000 01430cam a22003857a 4500
003 CHAP
005 20220329142859.0
008 041201d2004 mx r 00110 spa d
010 _a89139
011 _a90111
035 _a100667
040 _cCHAP
090 _aTesis
100 0 0 _aJuárez Martínez, Ana Elvia.
_962446
245 1 0 _aResistencia multiple de Avena fatua L. y Phalaris spp. a siete herbicidas bajo condiciones de invernadero en Chapingo, México
_c/por Ana Elvia Juárez Martínez
260 _aChapingo, Méx. :
_bEl autor,
_c2004.
300 _a59 h. :
_bgráfs. ; cuadros
502 _aTesis (Ing. Agr. Esp. en Parasitología Agrícola) - - UACH. Departamento de Parasitología Agrícola
590 _aALEPH
_b10
_c20130110
_lUCH01
_h1501
590 _aBATCH-UPD
_b10
_c20130110
_lUCH01
_h0816
590 _aBATCH-UPD
_b10
_c20130410
_lUCH01
_h0453
590 _aBATCH-UPD
_b10
_c20130914
_lUCH01
_h0248
590 _aCONVERSION
_b10
_c20130109
_lUCH01
_h1349
650 1 4 _aAlpiste.
_94638
650 1 4 _aAvena fatua.
_98557
650 1 4 _aCultivos en invernadero.
_930376
650 1 4 _aHerbicidas.
_953691
650 1 4 _aPlantas
_xResistencia a herbicidas.
_988883
650 1 4 _aTrigo
_xMalas hierbas
_xControl.
_9115054
901 _aBK
905 _aLilia
942 _cFOLL
949 _aTesis
_bBC
_cTES
_d100667
_eTS1
_h42899
_i100667
_sb
949 _aTesis
_bBC
_cTES
_d33724000931176
_eTS2
_fc.2
_h42900
_i100667
_si
999 _c89139
_d89139